| 000 | 01081cam a2200313 a 4500 | ||
|---|---|---|---|
| 001 | 15447 | ||
| 003 | BD-RjUL | ||
| 005 | 20211208235822.0 | ||
| 008 | 140210s1992 nyua 001 0 eng | ||
| 020 | _a0471574023 (cloth : alk. paper) : | ||
| 035 | _a(BD-RjUL) | ||
| 040 |
_aDLC _cDLC _dDLC _beng |
||
| 041 | _aeng | ||
| 082 | 0 | 0 |
_a658.155 _220 _bCHN 1992 |
| 100 | 1 |
_aChorafas, Dimitris N. _947979 |
|
| 245 | 1 | 4 |
_aThe new technology of financial management / _c[by] Dimitris N. Chorafas. |
| 260 |
_aNew York : _bWiley, _cc1992. |
||
| 300 |
_axiv, 290 p. : _bill. ; _c24 cm. |
||
| 504 | _aIncludes index. | ||
| 650 | 0 |
_aForeign exchange _xData processing. _947981 |
|
| 650 | 0 |
_aOptions (Finance) _xData processing. _947982 |
|
| 650 | 0 |
_aInformation technology. _947983 |
|
| 856 | 4 | 2 |
_3Publisher description _uhttp://www.loc.gov/catdir/description/wiley031/92001023.html |
| 856 | 4 |
_3Table of Contents _uhttp://www.loc.gov/catdir/toc/onix01/92001023.html |
|
| 942 |
_2ddc _cBK |
||
| 999 |
_c15447 _d15447 |
||